000 01315nam a22003497a 4500
001 195
003 FISKH
005 20250807100011.0
008 230303b cb ||||| |||| 00| 0 eng d
020 _a9780064443050
040 _aDLC
_cDLC
_dDLC
_dFISKH
_beng
042 _alcac
050 0 0 _aPS3554.A414
_bB8 1999
082 0 0 _a811/.54
_221
100 1 _aDakos, Kalli.
245 1 4 _aThe bug in teacher's coffee and other school poems /
_cby Kalli Dakos ; pictures by Mike Reed.
250 _a1st ed.
260 _aNew York :
_bHarperCollins,
_c1999.
300 _a22 leaves of plates
_bcol. ill. ;
_c22 cm.
440 3 _aAn I can read book
520 _aA collection of simple poems depict the activities at school from the morning welcome until the closing bell.
650 0 _aEducation, Elementary
_xJuvenile poetry.
650 0 _aElementary schools
_xJuvenile poetry.
650 0 _aChildren's poetry, American.
650 1 _aSchools
_xPoetry.
650 1 _aAmerican poetry.
700 1 _aReed, Mike,
_d1951-
_eill.
856 4 2 _3Publisher description
_uhttp://www.loc.gov/catdir/description/hc041/98054209.html
856 4 2 _3Contributor biographical information
_uhttp://www.loc.gov/catdir/enhancements/fy1309/98054209-b.html
906 _a7
_bcbc
_corignew
_d1
_eocip
_f19
_gy-gencatlg
942 _2ddc
_cBK
_n0
999 _c195
_d195